|
|
|
|
| LEADER |
01775cas a2200241 a 4500 |
| 001 |
AALejournalIMF010144 |
| 008 |
230101c9999 xx r poo 0 0eng d |
| 020 |
|
|
|c 5.00 USD
|
| 020 |
|
|
|z 9781451925197
|
| 022 |
|
|
|a 1018-5941
|
| 040 |
|
|
|a BD-DhAAL
|c BD-DhAAL
|
| 110 |
2 |
|
|a International Monetary Fund.
|
| 245 |
1 |
0 |
|a Foreign Currency Deposits in Developing Countries-Origins and Economic Implications.
|
| 264 |
|
1 |
|a Washington, D.C. :
|b International Monetary Fund,
|c 1987.
|
| 300 |
|
|
|a 1 online resource (22 pages)
|
| 490 |
1 |
|
|a IMF Working Papers
|
| 500 |
|
|
|a <strong>Off-Campus Access:</strong> No User ID or Password Required
|
| 500 |
|
|
|a <strong>On-Campus Access:</strong> No User ID or Password Required
|
| 506 |
|
|
|a Electronic access restricted to authorized BRAC University faculty, staff and students
|
| 520 |
3 |
|
|a The growing importance of foreign currency deposits (FCDs) in some developing countries has raised numerous issues, particularly regarding the effectiveness of economic policies. This paper discusses factors that influence the emergence of FCDs and their impact on key macroeconomic relations. It is shown that while FCDs render more visible the changes in the economic structure occasioned by the shift in residents' portfolio asset preferences, these changes essentially reflect currency substitution that often prevails prior to the introduction of FCDs. Moreover, FCDs provide only limited scope for effectively addressing the external and domestic imbalances that contribute to the growth in currency substitution.
|
| 538 |
|
|
|a Mode of access: Internet
|
| 830 |
|
0 |
|a IMF Working Papers; Working Paper ;
|v No. 1987/012
|
| 856 |
4 |
0 |
|z Full text available on IMF
|u http://elibrary.imf.org/view/journals/001/1987/012/001.1987.issue-012-en.xml
|z IMF e-Library
|